000
00328nam a2200133Ia 4500
005
20251222141856.0
008
251222s9999||||xx |||||||||||||| ||spa||
020
_a
9786124546778
082
_a
353/U61
245
0
_a
Clásicos San Marquinos Antonio Raimondi
250
_a
1ra.ed.
264
_b
Fondo Editorial UNMSM
942
_c
LIB
999
_c
7904
_d
7904